Les plus gros transferts du football - Gardiens de but - 2021-2022 - Statistiques

Statistiques générales
  • Ce quiz a été pris 56 fois
  • Le résultat moyen est 5 sur 10
Statistiques - réponses
Montant de transfert (M €) Nationalité Venant de Allant à Joueur % Correct
16,40 France LOSC Lille AC Milan Mike Maignan
100%
11,80 Portugal Wolverhampton AS Roma Rui Patrício
90%
7,50 France Fiorentina FC Nantes Alban Lafont
84%
28,00 Angleterre Sheff Utd Arsenal Aaron Ramsdale
82%
15,00 Suisse VfB Stuttgart Borussia Dortmund Gregor Kobel
78%
8,00 Portugal Olymp. Pirée Wolverhampton José Sá
63%
20,50 Argentine Udinese Atalanta BC Juan Musso
31%
5,85 Angleterre / Écosse Southampton Norwich Angus Gunn
8%
5,50 Portugal Sporting CP FC Granada Luís Maximiano
6%
6,20 Polen Liverpool U23 FC Copenhague Kamil Grabara
0%
Aucun quiz correspondant
Distribution des résultats
% des personnes avec chaque résultat
Percentile par nombre de réponses
Votre historique - résultats
Vous n’avez pas pris ce quiz